Loading...
Napolean and the awakening of Europe /
| Main Author: | |
|---|---|
| Format: | Printed Book |
| Language: | English |
| Published: |
English Univ. Press,
1968.
|
| Series: | Men and their times.Ed by A L Rowse
|
| LEADER | 00504nam a2200145Ia 4500 | ||
|---|---|---|---|
| 008 | 150624b xxu||||| |||| 00| 0 eng d | ||
| 082 | |a 940.27 | ||
| 100 | |a Markham, Felix | ||
| 245 | |a Napolean and the awakening of Europe / |c Felix Markham | ||
| 260 | |b English Univ. Press, |c 1968. | ||
| 300 | |a 190 p. | ||
| 490 | |a Men and their times.Ed by A L Rowse | ||
| 942 | |c BK | ||
| 999 | |c 1472 |d 1472 | ||
| 952 | |0 1 |1 0 |4 0 |6 940_270000000000000_MAR_N |7 0 |9 1471 |a UL |b UL |c ST1 |d 1998-09-24 |l 0 |o 940.27 MAR/N |p 3252 |r 2012-10-27 |w 2012-10-27 |y BK | ||